| 000 | 00449nam a2200157Ia 4500 | ||
|---|---|---|---|
| 008 | 230312s9999||||xx |||||||||||||| ||und|| | ||
| 020 | _a81-7029-899-7 | ||
| 082 |
_a005.75 _bBAY |
||
| 100 | _aBayross Ivan | ||
| 245 | 0 | _aCommercial Application Development Using Oracle Development 2000 | |
| 260 |
_bBPB _aNew Delhi _c1997 |
||
| 300 | _a482 | ||
| 546 | _aEng. | ||
| 650 |
_aComputer _vIntroduction to management data , Product philosopy |
||
| 942 | _cBK | ||
| 999 |
_c2902 _d2902 |
||